000 01862nam a2200217Ia 4500
003 Ost
005 20260507075453.0
008 260507s9999||||xx |||||||||||||| ||und||
040 _cfsecg
041 _aara
082 _a380
100 _aابوحسين، عدنان ابراهيم علي
_eمؤلف
245 0 _aقطاع النقل العربي و دوره في تحقيق التكامل الإقتصادي ( دراسة تحليلية - تطبيقية ) /
_c عدنان ابراهيم علي ابوحسين
260 _aالقاهرة:
_bدار النهضة العربية,
_c2007
300 _a221 صفحة؛
_bإيضاحات ؛
_c24 سم
504 _aبيبليوغرافيا ص.205
520 _aتعريفات ومفاهيم أساسية لخدمات النقل : مفهوم النقل وأهم أنواعه ، أهمية النقل ،خصائص النقل وتكلفته وأساليب تسعيره ، واقع وخدمات النقل العربي : مساهمة النقل العربي في النتج المحلي ، العمل العربي المشترك لتنظيم خدمات النقل اتفاقيات النقل المتكامل في المشرق العربي في اطار الأسكو ، مشاكل قطاع النقل العربي: مشاكل النقل العربي بالطرق البرية ، مشاكل النقل العربي بالسكة الحديدية ،مشاكل النقل العربي البحري مشاكل النقل العربي الجوي ، تطوير قطاع النقل لتفعيل التكامل الاقتصادي العربي : التحديات التي يواجهها قطاع النقل العربي ، متطلبات تطوير النقل العربي
653 _aالعالم العربي - التكامل الاقتصادي
653 _aالنقل - العالم العربي
942 _cكتاب
999 _c44648
_d44648